La persona jurd̕ica cuaderno IV

Bibliographic Details
Main Author: Moliner Navarro, Rosa (coord.)
Other Authors: Reyes Lp̤ez, Mara̕ Jos,̌ (coaut.)
Format: Book
Language:Spanish
Published: Madrid : Dykinson, 2010.
Series:Cuadernos prc̀ticos Bolonia. Persona 4
Subjects:
Online Access:Acceso restringido

MARC

LEADER 00000nam a2200000 i 4500
005 20111007145427.0
008 100311s2010 sp 000 0 spa d
020 |a 9788498498240 
035 |a 5736 
040 |a UJAEN  |d BUS  |d vLex 
080 |a 347.19 
090 |c 2637  |d 2637 
100 1 |a Moliner Navarro, Rosa  
245 1 3 |a La persona jurd̕ica  |h [Recurso electrn̤ico] /  |c coordinadora Rosa M® Moliner Navarro ; M® Jos ̌Reyes Lp̤ez, Rosa M® Moliner Navarro.  |n cuaderno IV  
256 |a Servicio en ln̕ea. 
260 |a Madrid :  |b Dykinson,  |c 2010. 
300 |a 1 recurso electrn̤ico 
506 1 |a Contenido solo disponible en los productos indicados  |d vLex Global  |d vLex Global (Academic Edition, excluding Law Schools)  |d vLex Global (U.S. Academic Edition, Law Schools)  |d vLex Global (U.S. Academic Edition, excluding Law Schools)  |d vLex Global (Academic Edition, Law Schools) 
650 0 4 |a Personas (Derecho)  |z Espaą  
700 1 |a Reyes Lp̤ez, Mara̕ Jos,̌  |e coaut. 
700 1 |a Moliner Navarro, Rosa,  |e coord. 
740 0 |a vLex Libros (Servicio en ln̕ea) 
830 0 |a Cuadernos prc̀ticos Bolonia.  |p Persona  |v 4 
856 4 0 |u http://vlex.com/source/cuadernos-practicos-bolonia-persona-juridica-5736  |z Acceso restringido 
942 |c BOOK